Pays enclavés frontaliers entre eux - Statistiques

Statistiques générales
  • Ce quiz a été pris 30 613 fois
  • Le résultat moyen est 24 sur 33
Statistiques - réponses
Pays % Correct
Suisse
91%
Autriche
90%
Slovaquie
86%
Hongrie
85%
Rép. tchèque
85%
Liechtenstein
83%
Serbie
80%
Kazakhstan
78%
Ouzbékistan
78%
Kosovo
77%
Tchad
77%
Niger
76%
Tadjikistan
76%
Turkménistan
76%
Macédoine du Nord
75%
Mali
75%
Paraguay
75%
Bolivie
74%
Kirghizistan
74%
Soudan du Sud
73%
Afghanistan
72%
Rép. centrafricaine
72%
Rwanda
71%
Burundi
66%
Ouganda
66%
Zambie
66%
Burkina Faso
65%
Zimbabwe
64%
Botswana
63%
Éthiopie
60%
Malawi
60%
Arménie
54%
Azerbaïdjan
53%
Aucun quiz correspondant
Distribution des résultats
% des personnes avec chaque résultat
Percentile par nombre de réponses
Votre historique - résultats
Vous n’avez pas pris ce quiz